[Event "Hessen Senioren-ch 2012  8th"]
[Site "Bad Sooden-Adf. (14.4.-22.4)"]
[Date "2012.04.22"]
[Round "9.64"]
[White "Papenkordt, Karl-Hermann"]
[Black "Schwichtenberg, Juergen"]
[Result "1/2-1/2"]
[WhiteElo "1628"]
[BlackElo "1545"]
[PlyCount "42"]
[EventDate "2012.04.??"]
[EventType "swiss"]
[EventRounds "9"]
[EventCountry "GER"]
[WhiteTeam "Witten SG"]
[BlackTeam "Hofheim 1920 SV"]

1. c4 e5 2. Nc3 Bc5 3. Nf3 Nc6 4. e3 d6 5. a3 a5 6. d4 exd4 7. exd4 Ba7 8. Be2
Nge7 9. O-O O-O 10. Be3 Nf5 11. Qd3 Nxe3 12. fxe3 Bg4 13. h3 Bh5 14. Kh1 Qe7
15. Nd5 Qd8 16. Nf4 Bg6 17. Nxg6 hxg6 18. Nd2 Ne7 19. Ne4 d5 20. Ng5 Nf5 21.
Nf3 Ng3+ 1/2-1/2

[Event "Hessen Senioren-ch 2012  8th"]
[Site "Bad Sooden-Adf. (14.4.-22.4)"]
[Date "2012.04.22"]
[Round "9.65"]
[White "Roth, Reinhard"]
[Black "Hespers, Rolf"]
[Result "1-0"]
[WhiteElo "1596"]
[BlackElo "1465"]
[PlyCount "39"]
[EventDate "2012.04.??"]
[EventType "swiss"]
[EventRounds "9"]
[EventCountry "GER"]
[WhiteTeam "Königstein/Schwalbach Sfr."]
[BlackTeam "Weida(Thür) Osterburg TuS"]

1. e4 c5 2. Nf3 Nc6 3. c3 d6 4. d4 Bg4 5. Be2 Bxf3 6. Bxf3 cxd4 7. cxd4 Rc8 8.
O-O g6 9. Nc3 Bg7 10. Be3 a6 11. Rc1 e6 12. Qa4 Qd7 13. Rfd1 Nf6 14. e5 Nd5 15.
Bxd5 exd5 16. Nxd5 Qd8 17. Nf6+ Bxf6 18. exf6 O-O 19. Bg5 Nb8 20. d5 1-0

[Event "Hessen Senioren-ch 2012  8th"]
[Site "Bad Sooden-Adf. (14.4.-22.4)"]
[Date "2012.04.22"]
[Round "9.66"]
[White "Knaak, Hans"]
[Black "Tomas, Johann"]
[Result "1-0"]
[WhiteElo "1582"]
[BlackElo "1567"]
[PlyCount "95"]
[EventDate "2012.04.??"]
[EventType "swiss"]
[EventRounds "9"]
[EventCountry "GER"]
[WhiteTeam "Forster 95 SC"]
[BlackTeam "Bad Sooden-Allendorf SK"]

1. d4 d5 2. c4 Bf5 3. Nc3 dxc4 4. e4 Bd7 5. Bxc4 e6 6. Nf3 Bb4 7. O-O Bxc3 8.
bxc3 b5 9. Bd3 c6 10. Be3 Ne7 11. Qb3 O-O 12. Rab1 a6 13. a4 h6 14. c4 bxa4 15.
Qb7 c5 16. Qxa8 Nec6 17. Qb7 cxd4 18. Nxd4 Qf6 19. Qb2 Ne5 20. Be2 Ng6 21. Nf3
e5 22. Rfd1 Bc6 23. Nd2 Re8 24. f3 Nd7 25. c5 Nh4 26. Nc4 Qg6 27. g3 Bb5 28.
Nd6 Rb8 29. Nxb5 Nf6 30. Qxe5 Re8 31. Qd6 axb5 32. Kf2 Nxe4+ 33. fxe4 Qxe4 34.
Qf4 Qg2+ 35. Ke1 Ng6 36. Qf2 Qh1+ 37. Kd2 Qd5+ 38. Kc2 Qa2+ 39. Rb2 Qa3 40. Rd3
Qa1 41. Qf1 Qxf1 42. Bxf1 Ne5 43. Ra3 Ng4 44. Bf4 g5 45. Bd2 Nxh2 46. Bxb5 Rc8
47. Bb4 Ng4 48. Bd7 1-0

[Event "Hessen Senioren-ch 2012  8th"]
[Site "Bad Sooden-Adf. (14.4.-22.4)"]
[Date "2012.04.22"]
[Round "9.67"]
[White "Janzen, Christian(36)"]
[Black "Fuhlrott, Heinz"]
[Result "1/2-1/2"]
[WhiteElo "1619"]
[BlackElo "1501"]
[PlyCount "114"]
[EventDate "2012.04.??"]
[EventType "swiss"]
[EventRounds "9"]
[EventCountry "GER"]
[WhiteTeam "Berlin Marienfelde TSV"]
[BlackTeam "Winsen Fichte MTV"]

1. e4 c6 2. d4 d5 3. exd5 cxd5 4. Nf3 Bg4 5. Be2 e6 6. O-O g6 7. Ne5 Bxe2 8.
Qxe2 Qb6 9. c3 Bg7 10. Na3 a6 11. Be3 Nf6 12. c4 O-O 13. c5 Qd8 14. Rfc1 Nc6
15. Nxc6 bxc6 16. Nc2 a5 17. a3 Qd7 18. f3 Rfe8 19. Bf4 Qa7 20. b4 Nd7 21. Be5
f6 22. Bg3 e5 23. Qd2 f5 24. Bf2 e4 25. bxa5 Qxa5 26. Qxa5 Rxa5 27. Rcb1 f4 28.
Rb7 Nf8 29. Rab1 e3 30. Be1 Ra4 31. R1b4 Rxb4 32. Bxb4 Ne6 33. a4 Nxd4 34.
Rxg7+ Kxg7 35. Nxd4 Rc8 36. Ne6+ Kf6 37. Nxf4 Kf5 38. Nd3 d4 39. Kf1 g5 40. g4+
Ke6 41. Ke2 Rf8 42. a5 Kd5 43. Ba3 Ra8 44. Nb4+ Kc4 45. Nxc6 Ra6 46. Ne5+ Kd5
47. Nd3 Rxa5 48. Bb2 Ra4 49. h3 h6 50. Kd1 Rc4 51. f4 gxf4 52. Nxf4+ Ke4 53.
Ne2 Rxc5 54. Bxd4 Rd5 55. Nc3+ Kxd4 56. Nxd5 Kxd5 57. Ke2 Ke4 1/2-1/2

[Event "Hessen Senioren-ch 2012  8th"]
[Site "Bad Sooden-Adf. (14.4.-22.4)"]
[Date "2012.04.22"]
[Round "9.68"]
[White "Hegner, Peter"]
[Black "Pastowski, Werner"]
[Result "1/2-1/2"]
[WhiteElo "1570"]
[BlackElo "1505"]
[PlyCount "56"]
[EventDate "2012.04.??"]
[EventType "swiss"]
[EventRounds "9"]
[EventCountry "GER"]
[WhiteTeam "Bad Soden SC"]
[BlackTeam "Schmalkalden 04 SV"]

1. e4 e6 2. d4 d5 3. Nc3 Nf6 4. Bg5 Be7 5. e5 Nfd7 6. Bxe7 Qxe7 7. f4 a6 8. Nf3
c5 9. Be2 Nc6 10. Qd2 cxd4 11. Nxd4 Nxd4 12. Qxd4 Qc5 13. Qxc5 Nxc5 14. b4 Nd7
15. O-O b5 16. a4 Bb7 17. axb5 axb5 18. Bxb5 Ke7 19. Ne2 Rhc8 20. Nd4 Nb6 21.
Rxa8 Rxa8 22. f5 Nd7 23. Nc6+ Bxc6 24. Bxc6 Rc8 25. Bxd7 Kxd7 26. f6 g6 27. Rc1
Rc3 28. Kf2 Kc6 1/2-1/2

[Event "Hessen Senioren-ch 2012  8th"]
[Site "Bad Sooden-Adf. (14.4.-22.4)"]
[Date "2012.04.22"]
[Round "9.69"]
[White "Jobski, Werner"]
[Black "Ludwig, Richard(44)"]
[Result "1/2-1/2"]
[WhiteElo "1483"]
[BlackElo "1497"]
[PlyCount "22"]
[EventDate "2012.04.??"]
[EventType "swiss"]
[EventRounds "9"]
[EventCountry "GER"]
[WhiteTeam "Schwerte 1951 Sfr."]
[BlackTeam "Irxleben SV"]

1. e4 Nf6 2. Nc3 d5 3. exd5 Nxd5 4. Nxd5 Qxd5 5. Nf3 Nc6 6. c3 Bf5 7. Be2 e6 8.
d4 Be7 9. Bf4 Qd8 10. Ne5 Nxe5 11. dxe5 O-O 1/2-1/2

[Event "Hessen Senioren-ch 2012  8th"]
[Site "Bad Sooden-Adf. (14.4.-22.4)"]
[Date "2012.04.22"]
[Round "9.70"]
[White "Briesemeister, Klaus"]
[Black "Hopp, Barbara Dr"]
[Result "1/2-1/2"]
[WhiteElo "1553"]
[BlackElo "1413"]
[PlyCount "33"]
[EventDate "2012.04.??"]
[EventType "swiss"]
[EventRounds "9"]
[EventCountry "GER"]
[WhiteTeam "Lingen SV"]
[BlackTeam "Oberursel SV"]

1. d4 d5 2. c4 Nf6 3. Nc3 e6 4. Bg5 Be7 5. e3 O-O 6. Nf3 c6 7. Qc2 Nbd7 8. Be2
dxc4 9. Bxc4 Nd5 10. Bxe7 Qxe7 11. a3 Rb8 12. b4 b5 13. Ba2 Bb7 14. Ne4 h6 15.
Nc5 Nxc5 16. bxc5 a5 17. O-O 1/2-1/2

[Event "Hessen Senioren-ch 2012  8th"]
[Site "Bad Sooden-Adf. (14.4.-22.4)"]
[Date "2012.04.22"]
[Round "9.71"]
[White "Daebel, Hasso Dr"]
[Black "Zoll, Theo"]
[Result "1-0"]
[WhiteElo "1473"]
[BlackElo "1540"]
[PlyCount "143"]
[EventDate "2012.04.??"]
[EventType "swiss"]
[EventRounds "9"]
[EventCountry "GER"]
[WhiteTeam "Drewer 54 SG"]
[BlackTeam "Göttingen Rot-Weiß ESV"]

1. d4 Nf6 2. Nf3 g6 3. c3 Bg7 4. h3 d6 5. Bf4 O-O 6. Nbd2 Re8 7. g4 b6 8. e3
Nbd7 9. Be2 Bb7 10. O-O Nd5 11. Bg3 e5 12. dxe5 Nxe5 13. Nxe5 Bxe5 14. Bxe5
Rxe5 15. Nf3 Re7 16. Bc4 Nf6 17. Be2 Qd7 18. Nh2 Rae8 19. Bf3 Ne4 20. Qc2 Bc6
21. c4 Ng5 22. Kg2 Nxf3 23. Nxf3 Be4 24. Qe2 f5 25. Kg3 fxg4 26. hxg4 h5 27.
Ng5 Bb7 28. gxh5 Qf5 29. Qg4 Qxg4+ 30. Kxg4 gxh5+ 31. Kxh5 Re5 32. Rg1 R8e7 33.
Kh4 Kf8 34. Rg3 Ke8 35. Re1 Rg7 36. f4 Ree7 37. f5 Rg8 38. Rg4 Bc8 39. Re4
Rxe4+ 40. Nxe4 Bxf5 41. Nf6+ Kf7 42. Nxg8 Kxg8 43. e4 Be6 44. b3 Kf7 45. Rh1
Ke7 46. Kg5 Kd7 47. Kf4 c6 48. Rh7+ Kc8 49. Rxa7 d5 50. exd5 cxd5 51. cxd5 Bxd5
52. Ke5 Bb7 53. Ra4 Bc6 54. Rc4 Kb7 55. b4 b5 56. Rg4 Be8 57. Kd6 Kb6 58. a3
Bf7 59. Rg7 Bh5 60. Rh7 Bf3 61. Rh6 Bg2 62. Ke5+ Kc7 63. Kd4 Bf1 64. Kc5 Kd7
65. Rb6 Kc7 66. Rxb5 Bxb5 67. Kxb5 Kb7 68. a4 Kb8 69. Kb6 Ka8 70. Kc7 Ka7 71.
b5 Ka8 72. a5 1-0

[Event "Hessen Senioren-ch 2012  8th"]
[Site "Bad Sooden-Adf. (14.4.-22.4)"]
[Date "2012.04.22"]
[Round "9.72"]
[White "Rollwitz, Inge"]
[Black "Kleist, Werner(35)"]
[Result "0-1"]
[WhiteElo "1255"]
[BlackElo "1480"]
[PlyCount "102"]
[EventDate "2012.04.??"]
[EventType "swiss"]
[EventRounds "9"]
[EventCountry "GER"]
[WhiteTeam "Berlin Wedding SG"]
[BlackTeam "GER/Berlin"]

1. d4 d5 2. Nf3 Nf6 3. g3 Nc6 4. e3 a6 5. Bg2 Bg4 6. h3 Bh5 7. Nbd2 e6 8. a3
Bd6 9. O-O O-O 10. c3 Re8 11. Qc2 Bg6 12. Qd1 h6 13. b3 Ne4 14. Bb2 Ne7 15.
Nxe4 Bxe4 16. Nd2 Bg6 17. e4 c6 18. e5 Bc7 19. Qe2 Nf5 20. f4 Bb6 21. Qf2 Rc8
22. Nf3 c5 23. g4 cxd4 24. cxd4 Ne7 25. Rac1 Rc6 26. Rxc6 Nxc6 27. g5 h5 28.
Kh2 Na5 29. Qe3 Qd7 30. Rc1 Rc8 31. Rxc8+ Qxc8 32. Qc3 Qxc3 33. Bxc3 Nxb3 34.
Bb2 Be4 35. Bc3 g6 36. h4 Bxf3 37. Bxf3 Nxd4 38. Bd1 Nf5 39. Kh3 Kf8 40. Bd2
Ke8 41. Be1 Kd8 42. Kg2 Ne3+ 43. Kf3 Nxd1 44. Ke2 Nb2 45. Bc3 Nc4 46. a4 Kc7
47. Kd3 Ba5 48. Bxa5+ Nxa5 49. Kc3 Kb6 50. Kb4 Nc6+ 51. Kc3 Ka5 0-1

[Event "Hessen Senioren-ch 2012  8th"]
[Site "Bad Sooden-Adf. (14.4.-22.4)"]
[Date "2012.04.22"]
[Round "9.74"]
[White "Jung, Michael Prof(40)"]
[Black "Graffenberger, Wilhelm"]
[Result "1/2-1/2"]
[WhiteElo "1621"]
[BlackElo "1484"]
[PlyCount "96"]
[EventDate "2012.04.??"]
[EventType "swiss"]
[EventRounds "9"]
[EventCountry "GER"]
[WhiteTeam "Osnabrück SV"]
[BlackTeam "Hamburger SK"]

1. c4 e5 2. Nc3 Nf6 3. d3 h6 4. g3 Bc5 5. Bg2 Nc6 6. e3 a6 7. Nge2 d6 8. O-O
O-O 9. h3 Bd7 10. Kh2 Rb8 11. Bd2 Ne7 12. a3 c6 13. d4 exd4 14. exd4 Ba7 15. b4
d5 16. c5 b6 17. Bf4 Rb7 18. Bd6 bxc5 19. dxc5 Re8 20. Nd4 Nc8 21. Bf4 Ne7 22.
Qd3 a5 23. Qa6 Bc8 24. Nxc6 Nxc6 25. Qxc6 Re6 26. Bd6 Bb8 27. Nxd5 Nxd5 28.
Bxd5 Rf6 29. Rae1 Bxd6 30. cxd6 Kh7 31. Qc2+ Bf5 32. Be4 Rb5 33. Bxf5+ Rbxf5
34. Rd1 g6 35. d7 axb4 36. axb4 Qb6 37. d8=Q Rxf2+ 38. Rxf2 Rxf2+ 39. Qxf2
Qxf2+ 40. Kh1 Qf3+ 41. Kg1 Qe3+ 42. Kf1 Qf3+ 43. Kg1 Qe3+ 44. Kg2 Qe2+ 45. Kh1
Qf3+ 46. Kg1 Qe3+ 47. Kg2 Qe2+ 48. Kg1 Qe3+ 1/2-1/2

[Event "Hessen Senioren-ch 2012  8th"]
[Site "Bad Sooden-Adf. (14.4.-22.4)"]
[Date "2012.04.22"]
[Round "9.75"]
[White "Van Vorselen, Theo"]
[Black "Neumann, Peter Dr(39)"]
[Result "1-0"]
[WhiteElo "1551"]
[BlackElo "1462"]
[PlyCount "113"]
[EventDate "2012.04.??"]
[EventType "swiss"]
[EventRounds "9"]
[EventCountry "GER"]
[WhiteTeam "NED/Den Haag DD"]
[BlackTeam "Warnemünde SF"]
[WhiteTeamCountry "NED"]

1. e4 c5 2. Nf3 d6 3. d4 cxd4 4. Nxd4 Nf6 5. Nc3 Nc6 6. Bc4 e6 7. Be3 a6 8. Qe2
Qc7 9. Bb3 Be7 10. O-O-O e5 11. Nf5 O-O 12. g4 Be6 13. Nxe7+ Nxe7 14. g5 Ne8
15. f4 Bxb3 16. axb3 exf4 17. Bxf4 Ng6 18. Bg3 Qa5 19. Kb1 Qxg5 20. Rd5 Ne5 21.
Rhd1 Qe7 22. Bxe5 dxe5 23. Rd7 Qb4 24. Nd5 Qb5 25. Qxb5 axb5 26. Rxb7 Kh8 27.
Rxb5 Rd8 28. Nc3 Rxd1+ 29. Nxd1 f6 30. Rb8 Kg8 31. c4 Nd6 32. Rxf8+ Kxf8 33.
Nc3 Ke7 34. Kc2 Kd7 35. Kd3 f5 36. exf5 Nxf5 37. Ke4 Ke6 38. Ne2 Nd6+ 39. Kf3
Kd7 40. c5 Nb5 41. b4 Ke6 42. Ke4 g6 43. Nc1 Nd4 44. Nd3 Nc6 45. b5 Nd4 46.
Nxe5 Nxb5 47. b4 g5 48. h3 Nc3+ 49. Kd4 Ne2+ 50. Ke3 Kxe5 51. Kxe2 Kd5 52. Kf3
h5 53. Kg2 Kc6 54. Kg3 Kd5 55. Kf3 Kc6 56. Ke4 Kb5 57. Kf5 1-0

[Event "Hessen Senioren-ch 2012  8th"]
[Site "Bad Sooden-Adf. (14.4.-22.4)"]
[Date "2012.04.22"]
[Round "9.76"]
[White "Narr, Irmgard"]
[Black "Grueneschild, Hildegard"]
[Result "1-0"]
[WhiteElo "1485"]
[BlackElo "1380"]
[PlyCount "103"]
[EventDate "2012.04.??"]
[EventType "swiss"]
[EventRounds "9"]
[EventCountry "GER"]
[WhiteTeam "Mühlhof-Rdf. SC"]
[BlackTeam "München Schach-Union"]

1. e4 c5 2. Nf3 d6 3. Nc3 Nc6 4. d4 cxd4 5. Nxd4 Nf6 6. Be3 e6 7. Qd2 Be7 8.
Bb5 Bd7 9. a3 O-O 10. f3 Rc8 11. Bxc6 bxc6 12. O-O c5 13. Nde2 Qc7 14. Bf4 e5
15. Be3 Bc6 16. Ng3 g6 17. Bh6 Rfe8 18. Rad1 Rcd8 19. Nd5 Nxd5 20. exd5 Bd7 21.
c4 Rb8 22. Qc3 f5 23. f4 Bf6 24. Rde1 Qd8 25. Qd2 e4 26. b4 Bd4+ 27. Kh1 Bf6
28. b5 a6 29. a4 axb5 30. axb5 Ra8 31. Ne2 Ra3 32. Qc2 Qa5 33. Bg5 Bg7 34. Rb1
Ra2 35. Qd1 Rd2 36. Qe1 e3 37. Rg1 Qa2 38. Ng3 Qxc4 39. b6 Qxd5 40. b7 Rb8 41.
Qxe3 Bd4 42. Qxd2 Rxb7 43. Rxb7 Qxb7 44. Qa2+ Kg7 45. Re1 d5 46. Re7+ Kg8 47.
h3 Bg7 48. Qa5 Bf8 49. Qd8 Qb1+ 50. Kh2 Qb2 51. Rxd7 Qd4 52. Bh6 1-0

[Event "Hessen Senioren-ch 2012  8th"]
[Site "Bad Sooden-Adf. (14.4.-22.4)"]
[Date "2012.04.22"]
[Round "9.77"]
[White "Burkardt, Robert"]
[Black "Borkenhagen, Bernd"]
[Result "1/2-1/2"]
[WhiteElo "1521"]
[BlackElo "1358"]
[PlyCount "58"]
[EventDate "2012.04.??"]
[EventType "swiss"]
[EventRounds "9"]
[EventCountry "GER"]
[WhiteTeam "Fechenheim SV"]
[BlackTeam "Hamelner SV"]

1. e4 d6 2. d4 e6 3. Nf3 Be7 4. b3 Nd7 5. Bd3 e5 6. Bb2 Bf6 7. c3 Ne7 8. O-O
O-O 9. Nbd2 a6 10. h3 Ng6 11. Nh2 Re8 12. Ng4 Ndf8 13. Nxf6+ Qxf6 14. d5 Nf4
15. Qf3 Qg6 16. Kh2 Nxd3 17. Qxd3 Nd7 18. Qg3 Nf8 19. f4 Qxg3+ 20. Kxg3 f6 21.
fxe5 fxe5 22. Nf3 Ng6 23. Bc1 Rf8 24. Nh2 Bd7 25. Be3 Rxf1 26. Rxf1 Rf8 27.
Rxf8+ Kxf8 28. Nf3 h6 29. a4 b6 1/2-1/2

[Event "Hessen Senioren-ch 2012  8th"]
[Site "Bad Sooden-Adf. (14.4.-22.4)"]
[Date "2012.04.22"]
[Round "9.78"]
[White "Kage, August"]
[Black "Strozewski, Guenter"]
[Result "0-1"]
[WhiteElo "1346"]
[BlackElo "1526"]
[PlyCount "74"]
[EventDate "2012.04.??"]
[EventType "swiss"]
[EventRounds "9"]
[EventCountry "GER"]
[WhiteTeam "Göttingen Rot-Weiß ESV"]
[BlackTeam "Erkenschwick SV"]

1. d4 Nf6 2. c4 e6 3. Nc3 b6 4. e4 d6 5. Nf3 Bb7 6. d5 e5 7. Be2 Be7 8. O-O
Nbd7 9. Be3 Ng4 10. Bd2 a5 11. h3 Ngf6 12. Qc1 Nc5 13. Qc2 Bc8 14. Kh2 h6 15.
Ng1 g5 16. f3 Nh5 17. Bd1 Bd7 18. Nge2 Qc8 19. g4 Nf4 20. Nxf4 gxf4 21. Be1 h5
22. Rh1 hxg4 23. fxg4 Bxg4 24. Bxg4 Qxg4 25. Qg2 Qd7 26. Rd1 O-O-O 27. Qf3 Rh6
28. Bf2 Rdh8 29. Kg2 Rg6+ 30. Kf1 Rgh6 31. Kg2 f5 32. Bxc5 dxc5 33. Rdg1 Bh4
34. Kf1 Bg3 35. Rxg3 fxg3 36. Qxg3 f4 37. Kg2 fxg3 0-1

[Event "Hessen Senioren-ch 2012  8th"]
[Site "Bad Sooden-Adf. (14.4.-22.4)"]
[Date "2012.04.22"]
[Round "9.79"]
[White "Koehler, Marianne"]
[Black "Dinius, Helmut"]
[Result "1-0"]
[WhiteElo "1384"]
[BlackElo "1475"]
[PlyCount "119"]
[EventDate "2012.04.??"]
[EventType "swiss"]
[EventRounds "9"]
[EventCountry "GER"]
[WhiteTeam "Sennewitz 2011 SG"]
[BlackTeam "Ludwigsstadt TSV"]

1. e4 e5 2. Nf3 d6 3. h3 h6 4. Nc3 Nf6 5. Be2 Be7 6. d4 exd4 7. Nxd4 Bd7 8. O-O
O-O 9. Be3 Nc6 10. Nf3 Ne5 11. Nd4 a6 12. f4 Nc6 13. Nxc6 Bxc6 14. e5 Ne4 15.
Nxe4 Bxe4 16. Bf3 Bxf3 17. Qxf3 dxe5 18. fxe5 c6 19. Qg4 Bg5 20. Qe4 Bxe3+ 21.
Qxe3 Qe7 22. Rfe1 Rfe8 23. Rad1 Rad8 24. Rxd8 Qxd8 25. Qc3 Qd5 26. b3 c5 27.
Qd3 Qxd3 28. cxd3 Rd8 29. Re3 Re8 30. Kf2 Re6 31. Kf3 Rb6 32. g4 Kf8 33. Re4
Ke7 34. Rc4 Rc6 35. Re4 b5 36. h4 Ke6 37. Kf4 c4 38. bxc4 bxc4 39. Rxc4 Rb6 40.
Ke4 a5 41. d4 Kd7 42. Rc5 a4 43. Ra5 Rb4 44. Ra7+ Ke6 45. Ra6+ Ke7 46. Kd5 Rb5+
47. Kc4 Rb7 48. d5 Kd7 49. Rxa4 Ke7 50. Ra6 Kd7 51. a4 Ke7 52. a5 Kd7 53. Rb6
Ra7 54. a6 Kc7 55. Kc5 Kd7 56. Rb7+ Rxb7 57. axb7 Kc7 58. b8=Q+ Kxb8 59. Kd6
Kc8 60. Ke7 1-0

[Event "Hessen Senioren-ch 2012  8th"]
[Site "Bad Sooden-Adf. (14.4.-22.4)"]
[Date "2012.04.22"]
[Round "9.80"]
[White "Paulin, Dieter"]
[Black "Britz, Helmut"]
[Result "1-0"]
[WhiteElo "1493"]
[BlackElo "1344"]
[PlyCount "181"]
[EventDate "2012.04.??"]
[EventType "swiss"]
[EventRounds "9"]
[EventCountry "GER"]
[WhiteTeam "Dingelstädt 1921 SK"]
[BlackTeam "GER/"]

1. d4 d5 2. c4 c6 3. e3 Nf6 4. Nc3 e6 5. a3 Be7 6. Nf3 O-O 7. Be2 Nbd7 8. O-O
h6 9. Qc2 Bd6 10. b3 e5 11. dxe5 Nxe5 12. cxd5 Nxf3+ 13. Bxf3 cxd5 14. Rd1 Be6
15. Bb2 Qc7 16. g3 Rac8 17. Qd2 Be5 18. Nb5 Qb6 19. Bxe5 Qxb5 20. Bxf6 gxf6 21.
b4 f5 22. a4 Qc4 23. Rdc1 Qb3 24. Bd1 Rxc1 25. Rxc1 Qa3 26. Kf1 Rc8 27. Rxc8+
Bxc8 28. Qc2 Be6 29. Qd2 Qa1 30. Qd4 Qxd4 31. exd4 Kg7 32. f4 Kf6 33. Ke2 Bc8
34. Kd2 Ke7 35. Kc3 Kd6 36. Be2 b6 37. Kd2 Ke7 38. Ke3 Kf6 39. h3 Be6 40. Kf2
Kg6 41. g4 fxg4 42. hxg4 f5 43. gxf5+ Bxf5 44. Kg3 Be4 45. Bb5 Kf6 46. Bc6 Kg7
47. Kg4 Kf6 48. Bd7 Bc2 49. Kh5 Kg7 50. a5 bxa5 51. bxa5 Bg6+ 52. Kg4 Bd3 53.
Be6 Be4 54. Kh5 Bf3+ 55. Kh4 Kf6 56. f5 Be2 57. Bxd5 Kxf5 58. Bf7 Kf6 59. Bd5
Ke7 60. Be4 Kd6 61. Kg3 Bc4 62. Bf3 Bd5 63. Bg4 Kc6 64. Kf4 Kd6 65. Bh5 Bh1 66.
Bf7 Bd5 67. Bh5 Be6 68. Bf3 Bd5 69. Bh5 Bh1 70. Bf7 Ke7 71. Bh5 Kf6 72. Bd1 Bc6
73. Bf3 Bd7 74. Bh5 Bf5 75. Bf3 Kg6 76. Ke5 Kg5 77. d5 Bc8 78. d6 Bd7 79. Bd5
Kg6 80. Be6 Bc6 81. d7 Bxd7 82. Bxd7 Kg5 83. Kd6 Kf6 84. Kc7 Ke7 85. Bc6 h5 86.
Kb7 Kd6 87. Bf3 h4 88. Kxa7 Kc7 89. Ka6 Kb8 90. Kb6 h3 91. a6 1-0

[Event "Hessen Senioren-ch 2012  8th"]
[Site "Bad Sooden-Adf. (14.4.-22.4)"]
[Date "2012.04.22"]
[Round "9.81"]
[White "Ludwig, Siegfried"]
[Black "Helm, Irmgard"]
[Result "1-0"]
[WhiteElo "1412"]
[BlackElo "1369"]
[PlyCount "135"]
[EventDate "2012.04.??"]
[EventType "swiss"]
[EventRounds "9"]
[EventCountry "GER"]
[WhiteTeam "Hemmingen GSV"]
[BlackTeam "Berlin Oberschöneweide TSG"]

1. e4 e5 2. Nf3 Nc6 3. a3 Nf6 4. d3 Be7 5. Nc3 O-O 6. Be2 Re8 7. O-O a6 8. Bg5
h6 9. Bh4 g5 10. Bg3 d6 11. d4 g4 12. Nd2 Nxd4 13. f3 Nh5 14. fxg4 Nxg3 15.
hxg3 Bg5 16. Bc4 Rf8 17. Nb3 Be3+ 18. Kh1 Qg5 19. Nd5 Kg7 20. Nxe3 Qxe3 21. Qe1
Nxc2 22. Qc1 Qxc1 23. Raxc1 Ne3 24. Rfe1 Nxc4 25. Rxc4 Be6 26. Rc3 c5 27. Nd2
b5 28. Nf1 a5 29. Ne3 Kg6 30. Nf5 Bxf5 31. gxf5+ Kg5 32. Rd1 Rfd8 33. Rd5 Kf6
34. Kh2 b4 35. axb4 axb4 36. Rb3 Ke7 37. g4 f6 38. Rf3 Rh8 39. Rfd3 Ra6 40. Rh3
Rc6 41. Rd1 c4 42. Ra1 Rc7 43. Kg1 c3 44. bxc3 bxc3 45. Rc1 c2 46. Kf2 d5 47.
exd5 Kd6 48. Rd3 e4 49. Rd2 Rhc8 50. Kg3 Rc3+ 51. Kh4 e3 52. Re2 Kxd5 53. Kh5
Kd4 54. Kg6 Kd3 55. Ree1 Rg8+ 56. Kxf6 Rxg4 57. Ke7 Rxg2 58. f6 Rc7+ 59. Kd6
Rf7 60. Ke6 Rc7 61. f7 Rf2 62. Red1+ Ke4 63. Rd7 Rc6+ 64. Ke7 e2 65. f8=Q Rxf8
66. Kxf8 Rf6+ 67. Kg7 Rf1 68. Re7+ 1-0

[Event "Hessen Senioren-ch 2012  8th"]
[Site "Bad Sooden-Adf. (14.4.-22.4)"]
[Date "2012.04.22"]
[Round "9.82"]
[White "Luebbers, Doris Dr"]
[Black "Barlo, Werner"]
[Result "0-1"]
[WhiteElo "1345"]
[BlackElo "1594"]
[PlyCount "94"]
[EventDate "2012.04.??"]
[EventType "swiss"]
[EventRounds "9"]
[EventCountry "GER"]
[WhiteTeam "Königstein/Schwalbach Sfr."]
[BlackTeam "Berlin Zehlendorf SK"]

1. d4 Nf6 2. Nf3 e6 3. e3 d5 4. c3 Bd6 5. Bd3 Nbd7 6. Nbd2 O-O 7. O-O c5 8. c4
b6 9. b3 Bb7 10. Bb2 Qc7 11. Re1 Rae8 12. e4 dxe4 13. Nxe4 Nxe4 14. Bxe4 Bxe4
15. Rxe4 Nf6 16. Re2 cxd4 17. Bxd4 e5 18. Be3 Ng4 19. g3 Qc6 20. Rd2 Bb4 21.
Rd5 Nxe3 22. fxe3 f6 23. Qe2 Rd8 24. Rad1 Rxd5 25. Rxd5 Bc5 26. Kf1 a5 27. e4
Qe6 28. Qg2 Qg4 29. Qe2 Ra8 30. Rd2 Qh3+ 31. Qg2 Qg4 32. Qe2 a4 33. bxa4 Rxa4
34. Kg2 Qe6 35. Rc2 Ra3 36. Nd2 Re3 37. Qf1 Qd6 38. Kh3 Qd7+ 39. Qf5 Qd3 40.
Qe6+ Kf8 41. Qc8+ Kf7 42. Qb7+ Kg6 43. Rb2 Qc3 44. Rb3 Qxd2 45. Qd5 Qe2 46.
Rxe3 Qxe3 47. a4 Qd4 0-1

[Event "Hessen Senioren-ch 2012  8th"]
[Site "Bad Sooden-Adf. (14.4.-22.4)"]
[Date "2012.04.22"]
[Round "9.83"]
[White "Hilbig, Klaus"]
[Black "Wauer, Klaus"]
[Result "0-1"]
[WhiteElo "1535"]
[BlackElo "1362"]
[PlyCount "62"]
[EventDate "2012.04.??"]
[EventType "swiss"]
[EventRounds "9"]
[EventCountry "GER"]
[WhiteTeam "Ahrensburger TSV"]
[BlackTeam "Nordhausen 51 SC"]

1. d4 d5 2. Nf3 c6 3. c4 Bf5 4. Nc3 e6 5. cxd5 exd5 6. Bf4 Bd6 7. Bxd6 Qxd6 8.
Qb3 Qc7 9. Ne5 f6 10. Nd3 Bxd3 11. exd3 Ne7 12. Rc1 Qd7 13. Be2 a6 14. O-O O-O
15. Ne4 Kh8 16. Nc5 Qc8 17. Nxb7 Nd7 18. Nc5 Rb8 19. Qc2 Nf5 20. Qc3 Nd6 21.
Qd2 Nb5 22. Qf4 Nxc5 23. dxc5 Qc7 24. Qxc7 Nxc7 25. Rb1 Ne6 26. b4 Rfe8 27. Bg4
Nd4 28. Rb2 f5 29. Bf3 Re6 30. a4 Rbe8 31. Rfb1 Re1+ 0-1

[Event "Hessen Senioren-ch 2012  8th"]
[Site "Bad Sooden-Adf. (14.4.-22.4)"]
[Date "2012.04.22"]
[Round "9.84"]
[White "Girod, Gudrun"]
[Black "Van Houten, Henk"]
[Result "1/2-1/2"]
[WhiteElo "1301"]
[BlackElo "1464"]
[PlyCount "40"]
[EventDate "2012.04.??"]
[EventType "swiss"]
[EventRounds "9"]
[EventCountry "GER"]
[WhiteTeam "Hannover 96 Schach"]
[BlackTeam "Gronau 1920 SC"]

1. d4 d5 2. Bf4 e6 3. Nf3 Nf6 4. h3 Be7 5. e3 O-O 6. Be2 Nbd7 7. O-O h6 8. Nbd2
c5 9. c3 b6 10. Ne5 Nxe5 11. Bxe5 Nd7 12. Nf3 c4 13. b3 b5 14. b4 Qb6 15. Qd2
Bb7 16. Bd1 Qd8 17. Be2 f5 18. Bh2 Qe8 19. Qc2 Bf6 20. Bd1 e5 1/2-1/2

[Event "Hessen Senioren-ch 2012  8th"]
[Site "Bad Sooden-Adf. (14.4.-22.4)"]
[Date "2012.04.22"]
[Round "9.85"]
[White "Wernitz, Armin"]
[Black "Maczollek, Helmut"]
[Result "1-0"]
[WhiteElo "1328"]
[BlackElo "1412"]
[PlyCount "111"]
[EventDate "2012.04.??"]
[EventType "swiss"]
[EventRounds "9"]
[EventCountry "GER"]
[WhiteTeam "Brandenburg Post SpV"]
[BlackTeam "Lage Turm SK"]

1. Nf3 d5 2. d4 Nf6 3. g3 b6 4. Bg2 Bb7 5. O-O e6 6. Nbd2 Bd6 7. b3 O-O 8. Bb2
Nbd7 9. Rc1 Re8 10. Re1 e5 11. dxe5 Nxe5 12. Nd4 c6 13. Nf5 Bc7 14. f4 Ng6 15.
e3 Bc8 16. Nd4 Bg4 17. N2f3 Ne4 18. Nxc6 Qd6 19. Ncd4 h5 20. Qd3 Qf6 21. c4 Nc5
22. Qd2 Qd6 23. Nb5 Qd7 24. Nxc7 Qxc7 25. cxd5 Qd6 26. Qd4 f6 27. Nd2 h4 28.
Nc4 Qd7 29. d6 Rad8 30. Qd2 Kh7 31. Qc2 hxg3 32. hxg3 Bh3 33. Bf3 Bg4 34. Qh2+
Kg8 35. Bd5+ Be6 36. Qg2 Nd3 37. f5 Bxd5 38. Qxd5+ Kh7 39. fxg6+ Kh6 40. Qxd3
Qg4 41. Kf2 Re4 42. Rh1+ Kxg6 43. Qe2 Qf5+ 44. Qf3 Qxf3+ 45. Kxf3 Ree8 46. Rcd1
Re6 47. Rh4 b5 48. Na3 a6 49. Rhd4 Rd7 50. g4 f5 51. gxf5+ Kxf5 52. Nc2 g5 53.
Rd5+ Kg6 54. Be5 Rf7+ 55. Kg3 Rd7 56. e4 1-0